[Event "Gatineau Printemps-A"]
[Site "Gatineau"]
[Date "2017.03.28"]
[Round "2"]
[White "Thibault, Mario"]
[Black "Gagnon, Fabien"]
[Result "0-1"]
[WhiteElo "1846"]
[BlackElo "1891"]
[PlyCount "78"]
[EventDate "2017.03.21"]
[EventType "swiss"]
[EventRounds "4"]
[EventCountry "CAN"]
[SourceTitle "EXT 2022"]
[Source "ChessBase"]
[SourceDate "2021.10.06"]
[SourceVersion "1"]
[SourceVersionDate "2021.10.06"]
[SourceQuality "1"]

1. e4 e6 2. f4 d5 3. e5 c5 4. c3 Nh6 5. Nf3 Nc6 6. Na3 Be7 7. Nc2 0-0 8. a3 Bd7 9. b4 b6 10. Bd3 Qc7 11. 0-0 f6 12. Re1 fxe5 13. fxe5 Be8 14. Be2 Nxe5 15. Nxe5 Qxe5 16. Bg4 Qf6 17. Bxe6+ Kh8 18. Qe2 Bh5 19. Qe3 Bd6 20. d4 Rae8 21. Bd2 Bg4 22. Rf1 Qxe6 23. Rxf8+ Rxf8 24. Qxe6 Bxe6 25. Re1 Bf5 26. Ne3 Be4 27. Nc4 Be7 28. Ne5 cxd4 29. cxd4 Bd6 30. Rc1 Nf5 31. Nd7 Nxd4 32. Nxf8 Ne2+ 33. Kf1 Nxc1 34. Bxc1 Bxf8 35. Bb2 Kg8 36. Kf2 Kf7 37. g3 Ke6 38. Ke3 g6 39. Bd4 Bd6 0-1

[Event "Gatineau Pere Noel-A"]
[Site "Gatineau"]
[Date "2017.01.17"]
[Round "4"]
[White "Akrib, Fouad"]
[Black "Thibault, Mario"]
[Result "0-1"]
[WhiteElo "1980"]
[BlackElo "1765"]
[PlyCount "114"]
[EventDate "2016.12.06"]
[EventType "swiss"]
[EventRounds "5"]
[EventCountry "CAN"]
[SourceTitle "EXT 2022"]
[Source "ChessBase"]
[SourceDate "2021.10.06"]
[SourceVersion "1"]
[SourceVersionDate "2021.10.06"]
[SourceQuality "1"]

1. e4 c5 2. Nf3 g6 3. d4 cxd4 4. Qxd4 Nf6 5. e5 Nc6 6. Qa4 Nd5 7. Bd3 Bg7 8. Qe4 Nc7 9. Nc3 0-0 10. Be3 d5 11. exd6 exd6 12. 0-0 d5 13. Qa4 Ne6 14. Be2 d4 15. Rad1 Qb6 16. Nxd4 Bxd4 17. Nd5 Qc5 18. Nf6+ Kg7 19. b4 Qf5 20. b5 Bxf6 21. bxc6 Nc5 22. Qb5 b6 23. Bxc5 Qxc5 24. c4 Bd4 25. a4 Be6 26. Rc1 Rac8 27. Bf3 Rfd8 28. Rc2 Bf5 29. Rd2 Be6 30. Rfd1 Bxf2+ 31. Rxf2 Rxd1+ 32. Bxd1 Qxc6 33. Qe5+ Kg8 34. Bb3 Qd7 35. Qc3 Qc6 36. Rc2 Qe4 37. h3 Rd8 38. Rb2 Rd3 39. Qc2 Qe1+ 40. Kh2 Qg3+ 41. Kh1 Qe1+ 42. Kh2 Rc3 43. Qd1 Qxd1 44. Bxd1 Bxc4 45. Rd2 Kg7 46. Rd7 Rd3 47. Bg4 Rxd7 48. Bxd7 Kf6 49. g4 Ke7 50. Bc6 Kd6 51. Be8 a6 52. Kg3 b5 53. axb5 axb5 54. Kf2 Ke5 55. Ke3 b4 56. h4 b3 57. Bc6 Be6 0-1

[Event "Outaouais-ch reserve"]
[Site "Gatineau"]
[Date "2016.05.10"]
[Round "5"]
[White "Arcand, Pierre"]
[Black "Thibault, Mario"]
[Result "0-1"]
[WhiteElo "1114"]
[BlackElo "1767"]
[PlyCount "70"]
[EventDate "2016.04.12"]
[EventType "tourn"]
[EventRounds "7"]
[EventCountry "CAN"]
[SourceTitle "EXT 2022"]
[Source "ChessBase"]
[SourceDate "2021.10.06"]
[SourceVersion "1"]
[SourceVersionDate "2021.10.06"]
[SourceQuality "1"]

1. e4 c5 2. Nf3 g6 3. d4 cxd4 4. Nxd4 Nc6 5. Nxc6 bxc6 6. Bc4 Nf6 7. Nd2 Bg7 8. Bd3 0-0 9. 0-0 d5 10. exd5 cxd5 11. c4 dxc4 12. Nxc4 Qc7 13. g3 Bb7 14. Ne3 Qc6 15. f3 Rac8 16. Bd2 Rfd8 17. Rc1 Qd6 18. Rxc8 Bxc8 19. Ba5 Rf8 20. Qd2 Bh6 21. Bb4 Qb6 22. Re1 Nd5 23. Bxe7 Nxe7 24. f4 Bg7 25. Kf1 Bh3+ 26. Ke2 Rd8 27. g4 Nd5 28. Kf3 Nb4 29. Kg3 Nxd3 30. Nc4 Qd4 31. b3 Nxe1 32. Qxd4 Rxd4 33. Kxh3 Rd3+ 34. Kh4 Ng2+ 35. Kg5 h6# 0-1

[Event "Outaouais-ch reserve"]
[Site "Gatineau"]
[Date "2016.04.12"]
[Round "1"]
[White "Bourbonnais, Luc"]
[Black "Thibault, Mario"]
[Result "0-1"]
[WhiteElo "1278"]
[BlackElo "1767"]
[PlyCount "66"]
[EventDate "2016.04.12"]
[EventType "tourn"]
[EventRounds "7"]
[EventCountry "CAN"]
[SourceTitle "EXT 2022"]
[Source "ChessBase"]
[SourceDate "2021.10.06"]
[SourceVersion "1"]
[SourceVersionDate "2021.10.06"]
[SourceQuality "1"]

1. e4 c5 2. Nf3 g6 3. d4 cxd4 4. Nxd4 Nc6 5. Be3 Nf6 6. Nc3 Bg7 7. f3 0-0 8. Qd2 d6 9. 0-0-0 Bd7 10. Bh6 Nxd4 11. Bxg7 Nb3+ 12. axb3 Kxg7 13. Nd5 Nxd5 14. Qxd5 Kg8 15. Bc4 a6 16. b4 Rc8 17. Qd3 Qb6 18. Qd4 Qc6 19. Bb3 Be6 20. Qd3 Bxb3 21. Qxb3 Rc7 22. Rd3 Rfc8 23. Rc3 Qb5 24. Rxc7 Rxc7 25. Kd1 Rc4 26. c3 a5 27. Rf1 Rxb4 28. cxb4 Qxf1+ 29. Kd2 Qxg2+ 30. Ke3 axb4 31. Qxb4 b6 32. h4 Qg1+ 33. Ke2 Qc5 0-1

[Event "Gatineau Eveil Printanier"]
[Site "Gatineau"]
[Date "2016.03.29"]
[Round "5"]
[White "Jobin, Gilles G"]
[Black "Thibault, Mario"]
[Result "1-0"]
[WhiteElo "1752"]
[BlackElo "1767"]
[PlyCount "65"]
[EventDate "2016.03.01"]
[EventType "swiss"]
[EventRounds "5"]
[EventCountry "CAN"]
[SourceTitle "EXT 2022"]
[Source "ChessBase"]
[SourceDate "2021.10.06"]
[SourceVersion "1"]
[SourceVersionDate "2021.10.06"]
[SourceQuality "1"]

1. e4 c5 2. c3 g6 3. d4 cxd4 4. cxd4 d5 5. e5 Bg7 6. Nc3 Nc6 7. Nf3 Bg4 8. Be2 Bxf3 9. Bxf3 e6 10. Be3 Nge7 11. h4 Nf5 12. h5 Qb6 13. hxg6 hxg6 14. Rxh8+ Bxh8 15. Ne2 Kd7 16. Bg4 Nxe3 17. fxe3 Bg7 18. Qd2 Rh8 19. 0-0-0 Rc8 20. Nc3 Na5 21. Be2 Nc4 22. Bxc4 Rxc4 23. b3 Rc7 24. Kb1 Bf8 25. Na4 Qb5 26. Qd3 Qa5 27. Qd2 Bb4 28. Qf2 Ke8 29. Rh1 Qb5 30. Rh8+ Bf8 31. Nc5 Re7 32. Qf6 Qe2 33. Rxf8+ 1-0

[Event "Gatineau op-B"]
[Site "Gatineau"]
[Date "2012.03.04"]
[Round "4"]
[White "Krolczyk, Jacob"]
[Black "Thibault, Mario"]
[Result "1-0"]
[WhiteElo "1667"]
[BlackElo "1776"]
[PlyCount "63"]
[EventDate "2012.03.02"]
[EventType "swiss"]
[EventRounds "5"]
[EventCountry "CAN"]
[SourceTitle "EXT 2022"]
[Source "ChessBase"]
[SourceDate "2021.10.06"]
[SourceVersion "1"]
[SourceVersionDate "2021.10.06"]
[SourceQuality "1"]

1. e4 c5 2. Nf3 g6 3. d3 Bg7 4. g3 Nc6 5. Bg2 Nf6 6. 0-0 0-0 7. Re1 e5 8. Nbd2 d6 9. a4 Rb8 10. Nf1 a6 11. Bg5 b5 12. axb5 axb5 13. Ne3 Be6 14. b3 Ra8 15. Qd2 Qc7 16. h4 Ra7 17. Bxf6 Bxf6 18. Nd5 Bxd5 19. exd5 Rxa1 20. Rxa1 e4 21. dxe4 Bxa1 22. dxc6 b4 23. Qd5 Ra8 24. Bh3 Bg7 25. Ng5 Rf8 26. Nxf7 Rxf7 27. Be6 Be5 28. Bxf7+ Kg7 29. Be8 Kf8 30. Qe6 Qe7 31. Qxe7+ Kxe7 32. c7 1-0

[Event "Gatineau CEH op"]
[Site "Gatineau"]
[Date "2010.02.02"]
[Round "4"]
[White "Groleau, Gilles"]
[Black "Thibault, Mario"]
[Result "1/2-1/2"]
[WhiteElo "2022"]
[BlackElo "1733"]
[PlyCount "112"]
[EventDate "2010.01.12"]
[EventType "swiss"]
[EventRounds "7"]
[EventCountry "CAN"]
[SourceTitle "EXT 2011"]
[Source "ChessBase"]
[SourceDate "2010.11.26"]
[SourceVersion "1"]
[SourceVersionDate "2010.11.26"]
[SourceQuality "1"]

1. e4 c5 2. Nc3 g6 3. f4 Bg7 4. Nf3 Nc6 5. a3 a6 6. Bc4 e6 7. 0-0 Nge7 8. e5 d5 9. exd6 Qxd6 10. d3 0-0 11. Ne4 Qc7 12. Kh1 b6 13. Rb1 Bb7 14. b4 Nd4 15. Nxd4 cxd4 16. Qe1 Nf5 17. Bb3 Rfd8 18. Bd2 Rac8 19. Rc1 Nd6 20. c4 Nxe4 21. dxe4 Qc6 22. c5 b5 23. Qg3 Qxe4 24. Rce1 Qf5 25. Bd1 Bd5 26. Bg4 Qc2 27. Bc1 d3 28. Rf2 Qc4 29. f5 exf5 30. Bxf5 Be6 31. Bxe6 fxe6 32. Rd1 Rf8 33. h3 Rxf2 34. Qxf2 Rf8 35. Qg3 Qc2 36. Qg4 Qe2 37. Bg5 Rf1+ 38. Rxf1 Qxf1+ 39. Kh2 Be5+ 40. g3 Qf2+ 41. Kh1 Qe1+ 42. Kg2 Bc7 43. Qf3 Qe2+ 44. Qxe2 dxe2 45. Bd2 Kf7 46. Kf2 Be5 47. Bf4 Bb2 48. Bd2 Bxa3 49. Kxe2 Bb2 50. Kf3 Be5 51. g4 Bc7 52. Ke4 Ke7 53. Bc3 Bg3 54. Bd2 Bf2 55. Ke5 Bg3+ 56. Ke4 Bf2 1/2-1/2

[Event "Gatineau Defi Nez-B"]
[Site "Gatineau"]
[Date "2009.11.24"]
[Round "2"]
[White "Thibault, Mario"]
[Black "Desjardins, Michel"]
[Result "0-1"]
[WhiteElo "1723"]
[BlackElo "1972"]
[PlyCount "78"]
[EventDate "2009.11.17"]
[EventType "swiss"]
[EventRounds "5"]
[EventCountry "CAN"]
[SourceTitle "EXT 2011"]
[Source "ChessBase"]
[SourceDate "2010.11.26"]
[SourceVersion "1"]
[SourceVersionDate "2010.11.26"]
[SourceQuality "1"]

1. Nf3 d5 2. g3 Nf6 3. Bg2 c6 4. 0-0 Bg4 5. d3 Nbd7 6. Nbd2 e5 7. e4 dxe4 8. dxe4 Bc5 9. Qe2 0-0 10. Re1 Qc7 11. Nf1 Rfe8 12. h3 Bh5 13. g4 Bg6 14. Ng3 Nf8 15. Nh4 Ne6 16. Nxg6 hxg6 17. Qc4 b5 18. Qc3 a5 19. Qf3 Nd4 20. Qd1 Rad8 21. c3 Ne6 22. Qc2 Qb6 23. a3 a4 24. Nf1 Rd7 25. Ne3 Nf4 26. Bf1 Red8 27. c4 Rd4 28. cxb5 cxb5 29. Nd5 N6xd5 30. exd5 R4xd5 31. Bxf4 exf4 32. Rac1 f3 33. Re4 Qd6 34. Kh1 Qb6 35. Kg1 Rc8 36. Rce1 Qd6 37. Re8+ Rxe8 38. Rxe8+ Kh7 39. Kh1 Rd1 0-1

[Event "Gatineau Defi Nez-B"]
[Site "Gatineau"]
[Date "2009.11.17"]
[Round "1"]
[White "Thibault, Mario"]
[Black "Berthiaume, Serge"]
[Result "1-0"]
[WhiteElo "1723"]
[BlackElo "1312"]
[PlyCount "59"]
[EventDate "2009.11.17"]
[EventType "swiss"]
[EventRounds "5"]
[EventCountry "CAN"]
[SourceTitle "EXT 2011"]
[Source "ChessBase"]
[SourceDate "2010.11.26"]
[SourceVersion "1"]
[SourceVersionDate "2010.11.26"]
[SourceQuality "1"]

1. e4 e6 2. d3 Nf6 3. Nf3 h6 4. g3 d5 5. Qe2 Nc6 6. Bg2 b6 7. 0-0 Ba6 8. exd5 Nxd5 9. c4 Nf6 10. b3 Be7 11. Bb2 Rb8 12. d4 0-0 13. Nbd2 Qc8 14. Ne4 Rd8 15. Rfd1 Nxe4 16. Qxe4 Bf6 17. Qxc6 Bb7 18. Qb5 a6 19. Qb4 Rd6 20. Qe1 Qd8 21. Ne5 Bxg2 22. Kxg2 Qe8 23. Ba3 c5 24. dxc5 Rxd1 25. Rxd1 Bxe5 26. Qxe5 Qc6+ 27. f3 Rc8 28. Rd6 Qe8 29. cxb6 Qe7 30. Rc6 1-0

[Event "Gatineau Maisonneuve Memorial"]
[Site "Gatineau"]
[Date "2009.11.03"]
[Round "4"]
[White "Scantland, Patrick"]
[Black "Thibault, Mario"]
[Result "1/2-1/2"]
[WhiteElo "1751"]
[BlackElo "1669"]
[PlyCount "72"]
[EventDate "2009.10.13"]
[EventType "swiss"]
[EventRounds "5"]
[EventCountry "CAN"]
[SourceTitle "EXT 2011"]
[Source "ChessBase"]
[SourceDate "2010.11.26"]
[SourceVersion "1"]
[SourceVersionDate "2010.11.26"]
[SourceQuality "1"]

1. d4 Nf6 2. c4 e6 3. Nc3 Bb4 4. e3 b6 5. Bd3 Bb7 6. Nf3 Bxc3+ 7. bxc3 0-0 8. Qc2 Bxf3 9. gxf3 Qe7 10. e4 e5 11. Bg5 d6 12. Rg1 Re8 13. h4 Qe6 14. d5 Qe7 15. Bf1 Kh8 16. Qd2 Nbd7 17. Bh3 Rg8 18. h5 Qe8 19. Bg4 Nxg4 20. fxg4 f6 21. Be3 Nc5 22. Bxc5 bxc5 23. Rb1 Rb8 24. Ke2 Qd7 25. f3 Rb6 26. Rxb6 cxb6 27. Kd3 Qa4 28. Qc2 Qd7 29. Rb1 Rb8 30. a4 a5 31. Rb5 Kg8 32. Qh2 Kf8 33. Qh4 h6 34. Qf2 Ke8 35. Qb2 Qc7 36. Qa2 Qd7 1/2-1/2

[Event "Gatineau Qualification CIQ"]
[Site "Gatineau"]
[Date "2009.03.17"]
[Round "2"]
[White "Thibault, Mario"]
[Black "Groleau, Gilles"]
[Result "0-1"]
[WhiteElo "1660"]
[BlackElo "1907"]
[PlyCount "72"]
[EventDate "2009.03.10"]
[EventType "swiss"]
[EventRounds "5"]
[EventCountry "CAN"]
[SourceTitle "EXT 2010"]
[Source "ChessBase"]
[SourceDate "2010.11.25"]
[SourceVersion "1"]
[SourceVersionDate "2010.11.25"]
[SourceQuality "1"]

1. e4 c5 2. Nf3 e6 3. d3 d5 4. Nbd2 Nc6 5. g3 Nf6 6. Bg2 Be7 7. 0-0 0-0 8. e5 Nd7 9. Re1 b5 10. Nf1 a5 11. h4 Bb7 12. N1h2 c4 13. d4 b4 14. c3 a4 15. Ng5 h6 16. Ngf3 a3 17. bxa3 bxc3 18. Re3 Bxa3 19. Bxa3 Rxa3 20. Rc1 Qa5 21. Qe1 Rxa2 22. Rexc3 Ba6 23. Qe3 Rb8 24. h5 Rbb2 25. Ng4 Re2 26. Qf4 Qd8 27. Nxh6+ gxh6 28. Qxh6 Qf8 29. Qg5+ Qg7 30. Qh4 Rxf2 31. Bh3 Nf8 32. Ng5 Nxd4 33. Rf1 Rxf1+ 34. Bxf1 Qxe5 35. Qg4 f5 36. Qh4 Ne2+ 0-1

[Event "Gatineau Fischer Memorial"]
[Site "Gatineau"]
[Date "2009.02.24"]
[Round "6"]
[White "Thibault, Mario"]
[Black "Guimond, Michel"]
[Result "0-1"]
[WhiteElo "1632"]
[BlackElo "1895"]
[PlyCount "70"]
[EventDate "2009.01.20"]
[EventType "swiss"]
[EventRounds "6"]
[EventCountry "CAN"]
[SourceTitle "EXT 2011"]
[Source "ChessBase"]
[SourceDate "2010.11.26"]
[SourceVersion "1"]
[SourceVersionDate "2010.11.26"]
[SourceQuality "1"]

1. Nf3 d6 2. e4 c5 3. Bb5+ Nd7 4. 0-0 a6 5. Bxd7+ Bxd7 6. b3 e5 7. Bb2 h5 8. Ne1 g5 9. d3 Nf6 10. c4 Bh6 11. Nc3 h4 12. Nd5 Nxd5 13. cxd5 g4 14. f4 gxf3 15. Qxf3 Qe7 16. Nc2 Rg8 17. Ne3 Bxe3+ 18. Qxe3 b6 19. Bc1 0-0-0 20. b4 Rg6 21. Bd2 Rdg8 22. Rf2 f5 23. exf5 Bxf5 24. Rc1 Qg7 25. Qf3 Bxd3 26. Qh3+ Kb8 27. Kh1 Be4 28. bxc5 bxc5 29. Qb3+ Ka7 30. Ba5 Bxg2+ 31. Rxg2 Rxg2 32. Qb6+ Ka8 33. Qc6+ Qb7 34. Qxd6 Rxh2+ 35. Kxh2 Qb2+ 0-1

[Event "Gatineau Fischer Memorial"]
[Site "Gatineau"]
[Date "2009.01.20"]
[Round "1"]
[White "Cossette, Daniel"]
[Black "Thibault, Mario"]
[Result "1/2-1/2"]
[WhiteElo "2063"]
[BlackElo "1632"]
[PlyCount "80"]
[EventDate "2009.01.20"]
[EventType "swiss"]
[EventRounds "6"]
[EventCountry "CAN"]
[SourceTitle "EXT 2011"]
[Source "ChessBase"]
[SourceDate "2010.11.26"]
[SourceVersion "1"]
[SourceVersionDate "2010.11.26"]
[SourceQuality "1"]

1. e4 c5 2. d4 cxd4 3. c3 dxc3 4. Nxc3 Nc6 5. Nf3 e6 6. Bf4 a6 7. e5 Bb4 8. Bd3 Nge7 9. 0-0 Ng6 10. Bg3 0-0 11. Qc2 Qa5 12. Rfe1 Bc5 13. a3 Nd4 14. Nxd4 Bxd4 15. Re4 Bxc3 16. bxc3 b5 17. Rd4 Ra7 18. Qb2 Qc7 19. Re1 Bb7 20. f4 Rc8 21. Bf2 Raa8 22. c4 bxc4 23. Rxc4 Bc6 24. Qc3 Rab8 25. Bc5 Qb7 26. Bd6 Qa7+ 27. Bc5 Qa8 28. Bf1 Bb5 29. Rb4 Bxf1 30. Rxf1 Rb5 31. Rxb5 axb5 32. Qe3 Qd5 33. Bb4 Nh4 34. Qe2 Qd4+ 35. Qf2 Qxf2+ 36. Kxf2 h5 37. Rd1 Rc2+ 38. Kg3 Nf5+ 39. Kf3 Nh4+ 40. Kg3 Nf5+ 1/2-1/2

[Event "Gatineau Defi Nez rouge B"]
[Site "Gatineau"]
[Date "2008.12.02"]
[Round "2"]
[White "Thibault, Mario"]
[Black "Huard, Martin"]
[Result "1-0"]
[WhiteElo "1628"]
[BlackElo "1152"]
[PlyCount "115"]
[EventDate "2008.11.25"]
[EventType "swiss"]
[EventRounds "5"]
[EventCountry "CAN"]
[SourceTitle "EXT 2022"]
[Source "ChessBase"]
[SourceDate "2021.10.06"]
[SourceVersion "1"]
[SourceVersionDate "2021.10.06"]
[SourceQuality "1"]

1. Nf3 Nf6 2. b3 d5 3. e3 e6 4. Bb2 c5 5. Be2 Bd6 6. 0-0 Nc6 7. d3 Qc7 8. Nbd2 e5 9. e4 Bd7 10. exd5 Nxd5 11. Nc4 0-0-0 12. Nxd6+ Qxd6 13. Ng5 Qg6 14. Qd2 f6 15. Ne4 b6 16. a4 Bf5 17. Ng3 Nf4 18. Bf3 e4 19. Qxf4 exf3 20. Qxf5+ Qxf5 21. Nxf5 fxg2 22. Kxg2 Rhg8 23. Rfe1 Nd4 24. Bxd4 cxd4 25. Ne7+ Kd7 26. Nxg8 Rxg8 27. Re4 g5 28. Rxd4+ Ke6 29. Re1+ Kf5 30. Rd7 h5 31. d4 g4 32. d5 Rc8 33. c4 Rg8 34. Re6 Kg5 35. Rf7 f5 36. Ref6 Re8 37. Rxf5+ Kg6 38. R7f6+ Kg7 39. Re6 Rc8 40. d6 g3 41. fxg3 h4 42. d7 Rd8 43. Re7+ Kg6 44. Rd5 hxg3 45. Kxg3 b5 46. Re8 Rxd7 47. Rxd7 bxc4 48. bxc4 a5 49. Kf3 Kf6 50. Ke4 Kg6 51. Re5 Kf6 52. Rd6+ Kf7 53. Kf5 Kf8 54. Rxa5 Ke7 55. Rh6 Kf7 56. Ra7+ Kg8 57. Rb6 Kf8 58. Rb8# 1-0